Biggest Chinese Cities Starting with U - Statistics

General Stats
  • This quiz has been taken 5 times
  • The average score is 5 of 12
Answer Stats
Population Province City % Correct
20,116 Qinghai Ulan
100%
394,269 Inner Mongolia Ulanqab
100%
3,842,560 Xinjiang Ürümqi (City)
100%
18,351 Xinjiang Ürümqi (County)
100%
318,009 Inner Mongolia Ulanhot
80%
18,203 Xinjiang Ulugqat
0%
40,452 Xinjiang Uqturpan
0%
136,352 Inner Mongolia Urad Front
0%
61,286 Inner Mongolia Urad Middle
0%
35,121 Inner Mongolia Urad Rear
0%
13,555 Xinjiang Urho
0%
98,830 Inner Mongolia Uxin
0%
No matching quizzes found
Score Distribution
Percent of People with Each Score
Percentile by Number Answered
Your Score History
You have not taken this quiz